000 00862nam a2200253 a 4500
001 70047
003 BD-RjUL
005 20211209081946.0
008 170415r19551948nju b 001 0 eng
035 _a(BD-RjUL)70259
040 _aDLC/ICU
_cICU
_dDLC
_dBD-RjUL
_beng
041 _aeng
082 0 0 _223
_a515.94
_bBOS 1955
100 1 _aBochner, S.
_q(Salomon),
_d1899-
_9206719
245 1 0 _aSeveral complex variables /
_cby Salomon Bochner and William Ted Martin.
260 _aPrinceton :
_bPrinceton Univ. Press,
_c1948.
300 _aix, 216 p.
_c24 cm.
504 _aIncludes "References."
650 0 _aFunctions of several complex variables.
_9207453
700 1 _aMartin, William Ted,
_d1911-
_ejoint author.
_9207454
830 _aPrinceton mathematical series ;
_v10
_9207462
942 _2ddc
_cBK
999 _c70047
_d70047